000 00754nam a2200265Ia 4500
003 OSt
005 20220928125832.0
006 a|||||r|||| 00| 0
007 ta
008 220927b |||||||| |||| 00| 0 eng d
024 _a41168
037 _cTextual
040 _aSDCL
_cSDCL
_beng
041 _2eng
_aeng
082 _aP-g, P6
100 _aAarts Bas Ed.
_9471712
245 0 _aHandbook of English linguistics.
260 _aOxford
_bBlackwell Publishing
_c2006
300 _axviii,806p.
_ccm.
490 _aBlackwell handbooks in linguistics.
650 _aEnglish Linguistics
_9471713
700 _a McMahon April Ed.
_9471714
942 _hP-g, P6
_cTEXL
_2CC
999 _c784279
_d784279